|
|
|
|
| LEADER |
00000nlm0a2200000 4500 |
| 001 |
205777 |
| 005 |
20240111134125.0 |
| 029 |
0 |
0 |
|a RU
|b № 1766/78 деп
|f НИИТЭХИМ
|
| 035 |
|
|
|a (RuTPU)RU\TPU\book\224264
|
| 090 |
|
|
|a 205777
|
| 100 |
|
|
|a 20111214d1978 k y0rusy50 ca
|
| 101 |
0 |
|
|a rus
|
| 102 |
|
|
|a RU
|
| 105 |
|
|
|a a z 000zy
|
| 135 |
|
|
|a vrcn ---uucaa
|
| 181 |
|
0 |
|a i
|
| 182 |
|
0 |
|a b
|
| 200 |
1 |
|
|a Использование техники изопиестических измерений в количественном анализе
|e депонированная рукопись
|f А. Г. Терещенко, О. В. Терещенко
|g Томский политехнический институт (ТПИ)
|
| 203 |
|
|
|a Текст
|c электронный
|
| 210 |
|
|
|a Томск
|d 1978
|
| 300 |
|
|
|a Заглавие с титульного экрана
|
| 300 |
|
|
|a Рукопись, депонир. в Отделение НИИТЭХИМа (г.Черкассы) 14.06.78, № 1766
|
| 337 |
|
|
|a Adobe Reader
|
| 610 |
1 |
|
|a депонированные рукописи
|
| 610 |
1 |
|
|a труды учёных ТПУ
|
| 610 |
1 |
|
|a электронный ресурс
|
| 610 |
1 |
|
|a изопиестические измерения
|
| 610 |
1 |
|
|a изопиестирование
|
| 610 |
1 |
|
|a количественный химический анализ
|
| 610 |
1 |
|
|a КХА
|
| 610 |
1 |
|
|a примеси
|
| 610 |
1 |
|
|a чистота веществ
|
| 610 |
1 |
|
|a isopiestic determination
|
| 610 |
1 |
|
|a анализ
|
| 700 |
|
1 |
|a Терещенко
|b А. Г.
|c химик-технолог
|c заведующий лабораторией Томского политехнического университета, кандидат технических наук
|f 1946-
|g Анатолий Георгиевич
|3 (RuTPU)RU\TPU\pers\25305
|9 11303
|
| 701 |
|
1 |
|a Терещенко
|b О. В.
|c НИИ ВН
|c Зав. лабораторией информационных технологий №7, кандидат технических наук, старший научный сотрудник
|g Ольга Васильевна
|3 (RuTPU)RU\TPU\pers\25711
|
| 712 |
0 |
2 |
|a Томский политехнический институт (ТПИ)
|c (1944-1991)
|3 (RuTPU)RU\TPU\col\1123
|
| 801 |
|
2 |
|a RU
|b 63413507
|c 20140904
|g RCR
|
| 856 |
4 |
|
|u http://www.lib.tpu.ru/fulltext/m/2011/m23.pdf
|
| 942 |
|
|
|c CF
|